书目信息 |
| 题名: |
旧上海黑社会
|
|
| 作者: | 郭绪印 | |
| 分册: | ||
| 出版信息: | 上海人民出版社 1997 11 |
|
| 页数: | 287页 | |
| 开本: | 大32开 | |
| 丛书名: | ||
| 单 册: | ||
| 中图分类: | C913.8 | |
| 科图分类: | ||
| 主题词: | 社会生活 , 社会问题 | |
| 电子资源: | ||
| ISBN: | 7-208-02563-0 | |
| 000 | 00540nam0 2200205 45 | |
| 001 | 0308271034 | |
| 005 | 20030827105659.1 | |
| 010 | @a7-208-02563-0@dRMB16.00 | |
| 100 | @a20030827d1997 km y0chiy0120 ea | |
| 101 | @achi | |
| 105 | @a z 000yy | |
| 200 | 1 | @a旧上海黑社会@Ajiu shang hai hei she hui@f郭绪印@Fguo xu yin |
| 210 | @c上海人民出版社@d1997 11 | |
| 215 | @a287页@c无图表@d大32开 | |
| 606 | 0 | @a社会生活 |
| 606 | 0 | @a社会问题 |
| 690 | @aC913.8@v3 | |
| 701 | 0 | @a郭绪印 |
| 801 | @aCN@b@c20030827 | |
| 905 | @aBZT@dC913.8@e203 | |
| 旧上海黑社会/郭绪印.-上海人民出版社,1997 11 |
| 287页:无图表;大32开 |
| ISBN 7-208-02563-0:RMB16.00 |
| ● |
| 相关链接 |
|
|
|
正题名:旧上海黑社会
索取号:C913.8/203
 
预约/预借
| 序号 | 登录号 | 条形码 | 馆藏地/架位号 | 状态 | 备注 |
| 1 | 83552 | 200083818 | 中心书库南/009架B面3层2列/ [索取号:C913.8/203] | 在馆 | |
| 2 | 83553 | 200083845 | 中心书库南/009架B面3层2列/ [索取号:C913.8/203] | 在馆 | |
| 3 | 83554 | 200083836 | 中心书库南/009架B面3层2列/ [索取号:C913.8/203] | 在馆 | |
| 4 | 83555 | 200083827 | 中心书库南/009架B面3层2列/ [索取号:C913.8/203] | 在馆 |